Statistics for Countries in Danube River Catchment

Click here to take the quiz!

General Stats

  • This quiz has been taken 186 times
  • The average score is 19 of 20

Answer Stats

Country % Correct
Germany
100%
Austria
98%
Croatia
97%
Serbia
97%
Slovenia
97%
Romania
96%
Slovakia
96%
Bulgaria
96%
Hungary
96%
Bosnia and Herzegovina
95%
Czech Republic
94%
Montenegro
93%
Ukraine
92%
Kosovo
92%
Poland
92%
Macedonia
92%
Switzerland
92%
Italy
91%
Moldova
91%
Albania
89%

Score Distribution

Percentile by Number Answered

Percent of People with Each Score

Your Score History

You have not taken this quiz